[Event "Canarias-chT Honor"]
[Site "Spain"]
[Date "2020.07.11"]
[Round "8.2"]
[White "Batista Yanez, Jair"]
[Black "Cubas Cabrera, Angel Luis"]
[Result "1/2-1/2"]
[WhiteElo "1972"]
[BlackElo "2203"]
[PlyCount "119"]
[EventDate "2020.01.11"]
[EventType "team-tourn"]
[EventRounds "9"]
[EventCountry "ESP"]
[SourceTitle "EXT 2021"]
[Source "ChessBase"]
[SourceDate "2020.10.23"]
[SourceVersion "1"]
[SourceVersionDate "2020.10.23"]
[SourceQuality "1"]
[WhiteTeam "Roque Niquiomo"]
[BlackTeam "Sanat Lucia Grandama"]
[WhiteTeamCountry "ESP"]
[BlackTeamCountry "ESP"]

1. e4 e5 2. Nf3 Nc6 3. Bb5 Nf6 4. d3 Bd6 5. c3 0-0 6. Nbd2 a6 7. Ba4 b5 8. Bc2 Re8 9. Nf1 Bf8 10. Ng3 h6 11. 0-0 d5 12. exd5 Nxd5 13. d4 exd4 14. Nxd4 Nxd4 15. Qxd4 c5 16. Qd3 Nf6 17. Nh5 Qxd3 18. Nxf6+ gxf6 19. Bxd3 c4 20. Bc2 Bg4 21. Be3 Bh5 22. Rfe1 Bg6 23. Bxg6 fxg6 24. Bd4 Kf7 25. Kf1 Rxe1+ 26. Rxe1 Rd8 27. a3 Rd7 28. f4 Rd5 29. Bb6 Rd2 30. Re2 Rd1+ 31. Kf2 Rd5 32. Ke3 f5 33. Kf3 Rd3+ 34. Kf2 Rd5 35. Kf3 Bg7 36. g3 Bf6 37. h4 Rd6 38. Bc5 Rd3+ 39. Kf2 Rd1 40. Kf3 Rd3+ 41. Kf2 g5 42. hxg5 hxg5 43. Re3 Rd2+ 44. Re2 Rxe2+ 45. Kxe2 gxf4 46. gxf4 Ke6 47. Kf3 Kd5 48. Be3 Bg7 49. Bb6 Bf8 50. Be3 Be7 51. Bd2 a5 52. Be1 Bf6 53. Ke3 Bg7 54. Bd2 Bf8 55. Be1 Bc5+ 56. Kf3 Kc6 57. Bd2 Be7 58. Be1 Bf6 59. Bd2 b4 60. a4 1/2-1/2

[Event "Canarias-chT"]
[Site "Vecindario"]
[Date "2019.06.14"]
[Round "3.2"]
[White "Garcia Piqueras, Rufino"]
[Black "Batista Yanez, Jair"]
[Result "0-1"]
[WhiteElo "1608"]
[BlackElo "2004"]
[PlyCount "101"]
[EventDate "2019.06.13"]
[EventType "team-swiss"]
[EventRounds "6"]
[EventCountry "ESP"]
[SourceTitle "EXT 2020"]
[Source "ChessBase"]
[SourceDate "2019.10.17"]
[SourceVersion "1"]
[SourceVersionDate "2019.10.17"]
[SourceQuality "1"]
[WhiteTeam "La Caja de Canarias II"]
[BlackTeam "Roque Niquiomo"]
[WhiteTeamCountry "ESP"]
[BlackTeamCountry "ESP"]

1. e4 d6 2. d4 Nf6 3. Bd3 g6 4. Nf3 Bg7 5. 0-0 0-0 6. Re1 Nc6 7. c3 e5 8. d5 Ne7 9. Bg5 h6 10. Bh4 Nh7 11. h3 f5 12. exf5 gxf5 13. Bc2 Nf6 14. c4 Ng6 15. Bg3 Qe8 16. Nh4 Ne7 17. Nc3 a6 18. Rb1 Nh5 19. Bh2 Bf6 20. Nf3 Kh8 21. Kh1 Rg8 22. Nxe5 dxe5 23. Bxe5 Qg6 24. Qf3 Bxe5 25. Rxe5 Qg5 26. Rxe7 Qxe7 27. Qxh5 Qg5 28. Qf3 Bd7 29. Rd1 Raf8 30. Ne2 Qf6 31. Qf4 Qg5 32. Qf3 Re8 33. Nf4 Re7 34. g3 Rge8 35. Qc3+ Kh7 36. h4 Qg7 37. Qd2 Qg4 38. Kg2 Re5 39. f3 Qg7 40. Bd3 c6 41. Nh5 Qf7 42. Nf4 b5 43. b3 cxd5 44. cxd5 Bc8 45. d6 Rd8 46. Qc3 Ree8 47. Qc5 Qf6 48. Nh5 Qe5 49. Qc7+ Rd7 50. Qc2 Rxd6 51. Qc7+ 0-1

[Event "Lanzarote op"]
[Site "Lanzarote"]
[Date "2018.06.29"]
[Round "8"]
[White "Batista Yanez, Jair"]
[Black "Donate Villalba, Juan Francisco"]
[Result "0-1"]
[WhiteElo "2008"]
[BlackElo "1869"]
[PlyCount "82"]
[EventDate "2018.06.25"]
[EventType "swiss"]
[EventRounds "9"]
[EventCountry "ESP"]
[SourceTitle "CBM 185 Extra"]
[Source "ChessBase"]
[SourceDate "2018.07.29"]
[SourceVersion "1"]
[SourceVersionDate "2018.07.29"]
[SourceQuality "1"]

1. e4 e5 2. Nf3 Nc6 3. Bb5 f5 4. d3 fxe4 5. dxe4 Nf6 6. 0-0 d6 7. Re1 Bg4 8. h3 Bh5 9. Qd3 Nd7 10. Ng5 Nd4 11. g4 c6 12. Bc4 Be7 13. c3 Bxg5 14. cxd4 Bxc1 15. Rxc1 Bg6 16. Nd2 Rf8 17. Qg3 Qf6 18. d5 c5 19. Bb5 a6 20. Bxd7+ Kxd7 21. f3 h5 22. Kg2 hxg4 23. hxg4 Qg5 24. Nc4 Rab8 25. Re1 b5 26. Ne3 a5 27. Re2 Rbc8 28. a4 Rb8 29. axb5 Rxb5 30. Nc4 Rb3 31. Rxa5 Rfxf3 32. Ra7+ Kd8 33. Qxf3 Rxf3 34. Kxf3 Qf4+ 35. Kg2 Bxe4+ 36. Kg1 Qg3+ 37. Kf1 Bd3 38. Nxd6 Qf3+ 39. Kg1 Bxe2 40. Nf7+ Kc8 41. d6 Qg3+ 0-1

[Event "Lanzarote op"]
[Site "Lanzarote"]
[Date "2018.06.28"]
[Round "7"]
[White "Valmana Canto, Jaime"]
[Black "Batista Yanez, Jair"]
[Result "1-0"]
[WhiteElo "2323"]
[BlackElo "2008"]
[PlyCount "77"]
[EventDate "2018.06.25"]
[EventType "swiss"]
[EventRounds "9"]
[EventCountry "ESP"]
[SourceTitle "CBM 185 Extra"]
[Source "ChessBase"]
[SourceDate "2018.07.29"]
[SourceVersion "1"]
[SourceVersionDate "2018.07.29"]
[SourceQuality "1"]

1. Nf3 Nf6 2. g3 g6 3. Bg2 Bg7 4. 0-0 0-0 5. d4 d5 6. c4 c6 7. Ne5 Nbd7 8. Bf4 Nh5 9. cxd5 cxd5 10. Bxd5 Nxf4 11. gxf4 Nxe5 12. dxe5 Bh3 13. Bg2 Bxg2 14. Kxg2 Qb6 15. Qb3 Qxb3 16. axb3 g5 17. fxg5 Bxe5 18. Nc3 Rfc8 19. Rfc1 Bf4 20. e3 Bxg5 21. Ne4 Rxc1 22. Rxc1 Bf6 23. Nxf6+ exf6 24. Rc7 Rb8 25. Kf3 Kg7 26. Ke4 Kg6 27. h4 h6 28. h5+ Kxh5 29. Kf5 Kh4 30. Rxf7 Kh3 31. Rxf6 h5 32. e4 h4 33. e5 Kg2 34. Rh6 h3 35. f4 Rf8+ 36. Ke4 h2 37. e6 Rf6 38. Rxh2+ Kxh2 39. Ke5 1-0

[Event "Arrecife de Lanzarote op"]
[Site "Arrecife de Lanzarote"]
[Date "2017.06.12"]
[Round "2"]
[White "Batista Yanez, Jair"]
[Black "Alvarado Diaz, Alejandro"]
[Result "0-1"]
[WhiteElo "1995"]
[BlackElo "2405"]
[PlyCount "64"]
[EventDate "2017.06.11"]
[EventType "swiss"]
[EventRounds "9"]
[EventCountry "ESP"]
[SourceTitle "EXT 2018"]
[Source "ChessBase"]
[SourceDate "2017.10.13"]
[SourceVersion "1"]
[SourceVersionDate "2017.10.13"]
[SourceQuality "1"]

1. e4 c5 2. Nf3 e6 3. d4 cxd4 4. Nxd4 a6 5. Bd3 Bc5 6. Nb3 Be7 7. Nc3 d6 8. Be3 Qc7 9. 0-0 b5 10. f4 Bb7 11. Qg4 Nf6 12. Qf3 Nbd7 13. a3 h5 14. Bd4 h4 15. Rae1 Rc8 16. Qh3 Nh5 17. f5 e5 18. Be3 Nhf6 19. Nd2 Bc6 20. g4 Nb6 21. Nf3 Nfd7 22. g5 Nc4 23. Bxc4 bxc4 24. f6 gxf6 25. gxf6 Nxf6 26. Ng5 Qd7 27. Qf3 Rg8 28. Kh1 Rg7 29. Rd1 Qg4 30. h3 Qxf3+ 31. Rxf3 Rxg5 32. Bxg5 Nxe4 0-1

[Event "Canarias-chT"]
[Site "Arrecife de Lanzarote"]
[Date "2016.06.25"]
[Round "5.2"]
[White "Gonzalez Acosta, Angel"]
[Black "Batista Yanez, Jair"]
[Result "1-0"]
[WhiteElo "2034"]
[BlackElo "2021"]
[PlyCount "49"]
[EventDate "2016.06.23"]
[EventType "team-swiss"]
[EventRounds "6"]
[EventCountry "ESP"]
[SourceTitle "EXT 2021"]
[Source "ChessBase"]
[SourceDate "2020.10.23"]
[SourceVersion "1"]
[SourceVersionDate "2020.10.23"]
[SourceQuality "1"]
[WhiteTeam "El Tablero de Guanapay"]
[BlackTeam "Brenadrez"]
[WhiteTeamCountry "ESP"]
[BlackTeamCountry "ESP"]

1. e4 c5 2. Nf3 Nc6 3. d4 cxd4 4. Nxd4 g6 5. Nc3 Bg7 6. Be3 Nf6 7. Bc4 d6 8. f3 0-0 9. Qd2 Bd7 10. g4 a6 11. h4 Qc7 12. Bb3 Nxd4 13. Bxd4 e6 14. 0-0-0 Rac8 15. h5 Bc6 16. hxg6 hxg6 17. Qh2 Rfd8 18. Qh4 d5 19. e5 Nd7 20. f4 Nf8 21. Rd2 a5 22. a4 Rb8 23. Rdh2 b5 24. Kb1 bxa4 25. Qf6 1-0

[Event "Isla de La Palma U2300 op"]
[Site "Isla de la Palma"]
[Date "2005.06.09"]
[Round "7.7"]
[White "Batista Yanez, Jair"]
[Black "Perez Felipe, Marcos Adrian"]
[Result "0-1"]
[WhiteElo "2200"]
[BlackElo "2158"]
[PlyCount "70"]
[EventDate "2005.06.03"]
[EventType "swiss"]
[EventRounds "9"]
[EventCountry "ESP"]
[SourceTitle "EXT 2024"]
[Source "ChessBase"]
[SourceDate "2023.10.10"]
[SourceVersion "1"]
[SourceVersionDate "2023.10.10"]
[SourceQuality "1"]

1. e4 c5 2. Nf3 d6 3. d4 cxd4 4. Nxd4 Nf6 5. Nc3 a6 6. f3 e6 7. Be3 b5 8. a3 Bb7 9. Qd2 Nbd7 10. Nb3 Rc8 11. Be2 Be7 12. 0-0-0 Nb6 13. h4 Nfd7 14. g4 Ne5 15. Na5 Ba8 16. f4 Nec4 17. Nxc4 Nxc4 18. Bxc4 Rxc4 19. Bd4 0-0 20. g5 Qa5 21. Qd3 Rfc8 22. Rh2 b4 23. Nb1 e5 24. axb4 Qc7 25. Bc3 Bxe4 26. Qd2 d5 27. Na3 d4 28. Nxc4 Qxc4 29. Bxd4 exd4 30. Qxd4 Qc6 31. Re1 Bxc2 32. Qc3 Bf5 33. Qxc6 Rxc6+ 34. Kd1 Bg4+ 35. Ree2 Re6 0-1

[Event "Isla de La Palma U2300 op"]
[Site "Isla de la Palma"]
[Date "2005.06.07"]
[Round "5.5"]
[White "Batista Yanez, Jair"]
[Black "Perez Aleman, Pedro Tomas"]
[Result "1/2-1/2"]
[WhiteElo "2200"]
[BlackElo "2134"]
[PlyCount "22"]
[EventDate "2005.06.03"]
[EventType "swiss"]
[EventRounds "9"]
[EventCountry "ESP"]
[SourceTitle "EXT 2024"]
[Source "ChessBase"]
[SourceDate "2023.10.10"]
[SourceVersion "1"]
[SourceVersionDate "2023.10.10"]
[SourceQuality "1"]

1. e4 c5 2. Nf3 Nc6 3. d4 cxd4 4. Nxd4 Nf6 5. f3 e5 6. Nb5 d6 7. Be3 a6 8. N5c3 Be6 9. Nd5 Bxd5 10. exd5 Qa5+ 11. Nc3 Ne7 1/2-1/2

[Event "Isla de La Palma U2300 op"]
[Site "Isla de la Palma"]
[Date "2005.06.04"]
[Round "2.5"]
[White "Batista Yanez, Jair"]
[Black "Ortells Perez, Victor Manuel"]
[Result "0-1"]
[WhiteElo "2200"]
[BlackElo "2119"]
[PlyCount "86"]
[EventDate "2005.06.03"]
[EventType "swiss"]
[EventRounds "9"]
[EventCountry "ESP"]
[SourceTitle "EXT 2024"]
[Source "ChessBase"]
[SourceDate "2023.10.10"]
[SourceVersion "1"]
[SourceVersionDate "2023.10.10"]
[SourceQuality "1"]

1. e4 e5 2. Nf3 Nc6 3. Bb5 a6 4. Ba4 Nf6 5. 0-0 b5 6. Bb3 Be7 7. Re1 0-0 8. c3 d5 9. exd5 Nxd5 10. Nxe5 Nxe5 11. Rxe5 Nf6 12. d4 Bd6 13. Re1 Ng4 14. h3 Qh4 15. Qf3 Bh2+ 16. Kf1 Bd6 17. Bf4 Bb7 18. Qg3 Nh2+ 19. Qxh2 Bxf4 20. g3 Rae8 21. Nd2 Bd6 22. gxh4 Bxh2 23. a4 Bf4 24. Re2 Bg2+ 25. Ke1 Bxh3 26. axb5 axb5 27. Bd5 Bg4 28. f3 Bg3+ 29. Kd1 Be6 30. Bc6 Rb8 31. h5 h6 32. Ne4 Bb3+ 33. Kc1 Bf4+ 34. Kb1 Bc4 35. Rg2 Bd3+ 36. Ka2 Ra8+ 37. Bxa8 Rxa8+ 38. Kb3 Rxa1 39. Nf6+ Kf8 40. Nd7+ Ke7 41. Nc5 Bc4+ 42. Kb4 Bd6 43. Rxg7 Ra4# 0-1